| 000 | 00592nam a2200217 a 4500 | ||
|---|---|---|---|
| 005 | 20140310183453.0 | ||
| 008 | 090710s19uu xx 00 eng d | ||
| 020 | _a9780195369106 | ||
| 050 |
_aHF 5387 _b.Au825 2009 |
||
| 100 | _aAudi, Robert | ||
| 245 |
_aBusiness ethics and ethical business. / _cRobert Audi |
||
| 260 |
_aNew York : _bOxford University Press, _c2009. |
||
| 300 |
_a164 p. : _c20 cm. |
||
| 521 | _aBSBA | ||
| 650 | _aBSBA. | ||
| 650 | _aEntrepreneurship. | ||
| 650 | _aBusiness ethics. | ||
| 650 | _aEthical Business. | ||
| 942 |
_cBK _2lcc _kFOR |
||
| 999 |
_c23489 _d23489 |
||